LEADER 01571oas 2200553 a 450 001 9910308038603321 005 20250910213016.0 035 $a(OCoLC)503575189 035 $a(CONSER) 2010250840 035 $a(CKB)991042726019820 035 $a(EXLCZ)99991042726019820 100 $a20100205b19781978 sy 101 0 $aeng 135 $aurbn||||||||| 181 $ctxt$2rdacontent 182 $cc$2rdamedia 183 $acr$2rdacarrier 200 00$aLabor relations & employment 210 $aChicago $cSection of Labor Relations Law of the American Bar Association 311 08$a0163-5077 517 3 $aLabor relations and employment 606 $aLabor laws and legislation$zUnited States$vPeriodicals 606 $aLabor laws and legislation$2fast$3(OCoLC)fst00989967 607 $aUnited States$2fast$1https://id.oclc.org/worldcat/entity/E39PBJtxgQXMWqmjMjjwXRHgrq 608 $aPeriodicals.$2fast 608 $aPeriodicals.$2lcgft 615 0$aLabor laws and legislation 615 7$aLabor laws and legislation. 676 $a344/.73/0105 712 02$aAmerican Bar Association.$bSection of Labor Relations Law. 801 0$bCLL 801 1$bCLL 801 2$bCUD 801 2$bOCLCQ 801 2$bBUF 801 2$bOCLCQ 801 2$bOCLCF 801 2$bOCLCO 801 2$bOCLCQ 801 2$bVT2 801 2$bUAB 801 2$bOCLCQ 801 2$bU3W 801 2$bOCLCL 801 2$bOCLCQ 906 $aJOURNAL 912 $a9910308038603321 996 $aLabor relations & employment$92130724 997 $aUNINA